[Event "Sigeman & Co 07th"]
[Site "Malmo"]
[Date "1999.06.10"]
[Round "3"]
[White "Hector, Jonny"]
[Black "Timman, Jan H"]
[Result "0-1"]
[WhiteElo "2542"]
[BlackElo "2670"]
[Annotator "Finkel,A"]
[PlyCount "106"]
[EventDate "1999.06.??"]
[EventType "tourn"]
[EventRounds "9"]
[EventCountry "SWE"]
[EventCategory "14"]
[SourceTitle "CBM 072"]
[Source "ChessBase"]
[SourceDate "1999.10.01"]
[SourceVersion "1"]
[SourceVersionDate "1999.10.01"]
[SourceQuality "1"]

1. e4 e6 2. d4 d5 3. Nc3 Bb4 4. e5 Ne7 5. Bd2 b6 6. Nce2 Bxd2+ 7. Qxd2 c5 (7...
Ba6 8. f4 (8. h4 c5 9. h5 h6 10. f4 cxd4 11. Nf3 Nbc6 12. Nexd4 Bxf1 13. Rxf1
Qd7 14. O-O-O O-O-O 15. g4 $14 {Macieja,B-Matlak,M/Pardubice op 1994}) (8. Nf3
c5 9. c3 O-O (9... Nbc6 10. Nf4 Bxf1 11. Kxf1 Ng6 12. Nxg6 hxg6 $11 {Leko,
P-Farago,I/HUN-ch 1993}) 10. Nf4 Bxf1 11. Kxf1 Nbc6 12. h4 Ng6 13. Nd3 c4 14.
h5 Nh8 15. Nf4 Qe7 16. Re1 $14 {Wahls,M-Jussupow,A/BL9192}) 8... c5 9. Nf3 Nbc6
10. c3 Rc8 (10... O-O 11. Ng3 Bxf1 12. Rxf1 cxd4 13. cxd4 Rc8 14. Kf2 b5 $132 {
Levin,D-McCambridge,V/Chicago op 1990}) 11. g3 $6 (11. Ng3 Bxf1 12. Rxf1 cxd4
13. cxd4 g6 14. Kf2 h5 15. Rac1 h4 16. Ne2 Nf5 17. g4 $14 {Hort,V-Karlsson,L/
Favorite 1980}) 11... Qc7 12. dxc5 bxc5 13. b3 Qa5 14. Bh3 h6 15. Kf2 O-O 16.
Rhe1 d4 $1 $36 {Holzmann,H-Portisch,F/Linz 1993}) 8. Nf3 Ba6 9. g3 Nbc6 10. c3
Rc8 (10... O-O 11. Bh3 Rc8 12. O-O cxd4 13. cxd4 Na5 14. Rfe1 Nec6 15. b3 Bxe2
$11 {Fogarasi,T-Apicella,M/Paris op 1995}) (10... cxd4 11. cxd4 Nf5 12. Bh3
Bxe2 13. Kxe2 Nfe7 14. Rhc1 Qd7 15. Kf1 O-O 16. Kg1 $14 {Damjanovic,M-Huss,A/
Bohemians 1988}) 11. Bh3 $5 (11. Nf4 Bxf1 12. Kxf1 cxd4 13. cxd4 O-O 14. Kg2
Qd7 $11) 11... Na5 $5 12. O-O (12. b3 $5) 12... cxd4 13. Nfxd4 $1 ({Nothing
promises} 13. cxd4 Nc4 14. Qb4 O-O $5 (14... Nxe5 15. Nxe5 Bxe2 16. Rfe1 a5 $1
(16... Bh5 17. Qa4+ Kf8 18. Qxa7 $14) 17. Nxf7 $1 (17. Qd2 Bh5 $17) 17... Kxf7
18. Qd2 Ba6 19. Bxe6+ Ke8 20. Bxc8 Bxc8 $13)) 13... Nc4 14. Qd3 b5 {[%csl Ra6]}
15. Nf4 O-O ({It was to dangerous to take the pawn:} 15... Nxe5 $6 16. Qe2 {
[%csl Re6]} Nc4 17. Nfxe6 fxe6 18. Nxe6 Qd6 19. Nxg7+ Kf7 20. Bxc8 Rxc8 21. Nh5
$14 {and white has dangerous initiative.}) 16. Qe2 Nc6 17. Nd3 ({Deserved
attention} 17. Nxc6 $5 Rxc6 18. b3 Na5 19. b4 $1 (19. Rfc1 $5 Qc7 (19... b4 $6
20. Qd2 Rxc3 21. Rxc3 bxc3 22. Qxc3 d4 23. Qc5 $1 $14) 20. Qe3 (20. b4 Rxc3 $1)
20... Rc8 21. Nd3 Rxc3 22. Rxc3 Qxc3 23. Rc1 d4 24. Qe4 Qxc1+ 25. Nxc1 Rxc1+
26. Bf1 Nc6 $13) 19... Nb7 20. Qe3 Qc7 21. Rac1 Rc8 22. Ne2 $14) 17... Qb6 18.
Nxc6 Rxc6 19. Nb4 $6 {Extremly strange decision to exchange the knight on the
bishop a6,which was compleatly out of play.} (19. Rad1 Bb7 20. b3 Na5 21. b4
Nc4 22. Nc5 Ra8 23. f4 $36 {[%cal Gf4f5,Gd1d4,Gd4h4,Ge2h5]}) 19... Rc7 20. Nxa6
$6 Qxa6 $11 21. a4 Qb6 22. axb5 Qxb5 23. Rfb1 Qb3 $5 $15 {[%csl Rb2] White
pawn on b2 is serious weakness and black starts move by move to put a pressure.
} 24. Bg4 Rb8 25. Qe1 Nxb2 26. Bd1 Qc4 27. Qd2 Rcb7 28. Be2 Qc5 29. Qd4 Qxd4 ({
Another possibility was} 29... Qc7 $5 $17) 30. cxd4 g6 {[%csl Rd4]} ({It was
more accurate to play} 30... g5 $5 {immideatly.}) 31. Ra6 Rb4 32. Rxa7 Rxd4 33.
Rc1 Ra4 34. Rd7 Re4 35. Rcc7 Rf8 36. Rc2 Na4 37. Bb5 $6 {Despite lack of the
pawn white has very good chanses to save the game thanks to strong rooks on
the 7th rank and bad position of the black knight on a4,but for the second
tine in this game white makes wrong exchange!} (37. f4 $5 Rb4 38. Kf2 Rbb8 39.
Ra7 Nb6 40. Rcc7 $15) 37... Rb4 38. Bxa4 Rxa4 39. Kg2 $2 ({It was nessasary to
play} 39. f4 h6 40. Kg2 g5 41. Kf3 Kg7 42. f5 $1 exf5 43. Rxd5 Re4 44. Rc7 h5
45. h3 $15) 39... g5 $1 40. f3 Kg7 41. g4 h5 42. gxh5 Kh6 43. Rcc7 Rf4 44. Kg3
Kxh5 45. h4 Rf5 $1 $19 46. hxg5 Rxg5+ 47. Kf4 Rf5+ 48. Kg3 Rg8+ 49. Kf2 Kg6 50.
Rc1 (50. Kg3 Rg7 51. f4 Kh5+ 52. Kf3 Rg4 $1 $19) 50... Ra8 51. Rg1+ Kh6 52. Rg3
(52. Rh1+ Kg5 53. Kg3 Ra3 54. Rf1 Kg6 $19) 52... Ra2+ 53. Kf1 Rh5 0-1

[Event "ARG-ch"]
[Site "Buenos Aires"]
[Date "1998.04.28"]
[Round "12"]
[White "Alonso, Salvador"]
[Black "Gomez Baillo, Jorge H"]
[Result "0-1"]
[WhiteElo "2390"]
[BlackElo "2440"]
[Annotator "Finkel,A"]
[PlyCount "84"]
[EventDate "1998.04.15"]
[EventType "tourn"]
[EventRounds "15"]
[EventCountry "ARG"]
[EventCategory "9"]
[SourceTitle "CBM 065"]
[Source "ChessBase"]
[SourceDate "1998.08.06"]
[SourceVersion "1"]
[SourceVersionDate "1998.08.06"]
[SourceQuality "1"]

{[%mdl 8432]} 1. e4 e6 2. d4 d5 3. Nc3 Bb4 4. e5 b6 5. h4 Ba6 $5 (5... Qd7 6.
h5 (6. Qg4 $5 f5 7. Qh5+ Qf7 8. Qxf7+ Kxf7 9. Bd2 c6 10. Nce2 Bf8 11. Nh3 $14 {
Ninov,N-Pacheco,E/WchJM-U26 1990 (27)}) 6... h6 (6... Nc6 7. a3 Bf8 8. f4 $6
Bb7 9. g4 O-O-O 10. Nce2 Kb8 11. Bh3 f6 $132 {Rantanen,Y-Dizdar,G/Belgrade GMA
1988 (39)}) 7. Qg4 Bf8 8. Bb5 (8. Nf3 Bb7 9. Nh4 Nc6 10. a3 O-O-O 11. b4 Nge7
12. Bd3 Kb8 13. Ne2 $14 {Stefansson,H-Sjodell,U/Peer Gynt 1990 (35)}) 8... c6
9. Ba4 Ba6 10. Nce2 Bb5 11. Bxb5 cxb5 12. Bd2 Nc6 13. Rh3 Nge7 14. Qf4 g5 15.
hxg6 $14 {Jonsson,H-Cobb,J/Lloyds Bank op 1994 (35)}) 6. Qg4 (6. Bxa6 Nxa6 7.
Qd3 Qc8 8. h5 Ne7 9. a3 Bxc3+ 10. Qxc3 h6 11. Ne2 $14) 6... Bf8 7. Bxa6 Nxa6 8.
Nh3 Nb4 $5 9. Bg5 Qd7 (9... f6 $2 10. Qxe6+ Be7 11. O-O-O fxg5 12. Nxg5 Nh6 13.
a3 $18 {[%csl Rc6]}) 10. O-O-O $14 h6 $5 {Divorcing the bishop from g5 where
it disturbs the normal development of black pieces.} 11. Be3 h5 {Otherwise
white would play h5 himself.} 12. Qe2 Ne7 13. Nf4 g6 14. a3 Nbc6 15. g4 {
Serious attention deserved} (15. f3 $5 Nf5 16. Bf2 Bh6 17. Qd2 Na5 18. Nce2 Nc4
19. Qc3 $14 {[%cal Gg2g4]}) 15... Bh6 (15... hxg4 16. Qxg4 Bh6 (16... Nf5 17.
h5 gxh5 18. Nxh5 O-O-O 19. Nf6 $18) 17. h5 O-O-O 18. hxg6 Bxf4 19. Bxf4 Nxg6
20. Bg5 $14) 16. gxh5 Bxf4 17. Bxf4 Rxh5 18. Qg4 O-O-O 19. Ne2 Kb7 (19... Nf5
20. Bg5 Rdh8 21. Ng3 R5h7 22. Bf6 Re8 23. h5 $14) 20. Ng3 Rhh8 21. Bg5 Rc8 22.
h5 gxh5 23. Nxh5 Nf5 24. Nf6 Qd8 25. c3 $5 {Nothing special promises} (25. Rxh8
Qxh8 26. Nxd5 Nfxd4 27. Ne7 Nxe7 28. Bxe7 Nc6 29. Bf6 $14) 25... Nce7 26. Qf3
$5 {Preparing to take on h8 and then to take control over the h-file by Rh1.}
c5 $132 27. dxc5 $5 (27. Rxh8 Qxh8 28. Rh1 Qg7 $1 $17 {[%csl Rd4,Rg5]}) 27...
Rxh1 $1 (27... Rxc5 $2 28. Ne4 $1 Rc8 29. Nd6+ $1 Nxd6 30. Rxh8 Qxh8 31. exd6
Nf5 32. d7 $18) 28. Qxh1 Rxc5 29. Qh7 Qc8 $1 $11 {[%cal Gd5d4,Gc8c3] Black is
just on time to create a counterplay on the queenside.} 30. Qxf7 Rxc3+ 31. Kb1
$5 (31. bxc3 Qxc3+ 32. Kb1 Qb3+ 33. Kc1 Qc3+ $11) 31... Qc4 $8 32. Nxd5 $6 {
White overestimates his chanses and doesn't feel the danger.} (32. Qxe6 $142 $5
Rxa3 $1 33. Qd7+ Ka6 34. bxa3 Qb3+ 35. Kc1 Qc3+ $11) 32... exd5 33. Bxe7 $4 {
It still wasn't too late to take on c3.} (33. bxc3 Qb3+ 34. Kc1 Qxc3+ 35. Kb1
Qb3+ 36. Kc1 Qxa3+ (36... Qc3+ $11) 37. Kb1 Qb3+ 38. Kc1 Qc3+ 39. Kb1 Qxe5 $15)
33... Qe4+ $1 {Important intermediate check.} 34. Ka1 Rc7 $19 {[%cal Gc7f7]}
35. Qxd5+ {White has no other choice,but to enter the endgame,which doesn't
promise any chanses of survival.} Qxd5 36. Rxd5 Rxe7 37. f4 Kc6 38. Rd8 Kc5 39.
Kb1 Nd4 40. Rf8 Kd5 41. f5 Kxe5 42. f6 Rd7 0-1

[Event "Nordic-ch VISA"]
[Site "Reykjavik"]
[Date "1997.10.17"]
[Round "9"]
[White "Hector, Jonny"]
[Black "Akesson, Ralf"]
[Result "1-0"]
[WhiteElo "2470"]
[BlackElo "2520"]
[Annotator "Finkel,A"]
[PlyCount "81"]
[EventDate "1997.10.08"]
[EventType "tourn"]
[EventRounds "13"]
[EventCountry "ISL"]
[EventCategory "10"]
[SourceTitle "CBM 062"]
[Source "ChessBase"]
[SourceDate "1998.01.31"]
[SourceVersion "1"]
[SourceVersionDate "1998.01.31"]
[SourceQuality "1"]

1. e4 e6 2. d4 d5 3. Nc3 Bb4 4. e5 b6 5. Bd2 Bf8 (5... Qd7 $6 6. Bb5 $5 c6 7.
Ba4 Bxc3 8. Bxc3 a5 9. a3 Ba6 10. Ne2 Bb5 11. Bxb5 cxb5 12. Nf4 $36 {
Kindermann,S-Gallus,G/Munich op9192 1992 (16)}) 6. Qh5 (6. h4 $5 c5 7. Nf3 Nc6
8. Bg5 (8. Bb5 $5 Bd7 9. a4 Nge7 10. Ne2 a6 11. Bxc6 Nxc6 12. h5 f6 $132 {
Hodgson,J-Lund,D/Preston 1989 (40)}) 8... f6 $6 9. exf6 gxf6 $2 (9... Nxf6 $14)
10. Bb5 Bd7 11. Bxc6 Bxc6 12. Ne5 $1 $16 {Borst-Dutreeuw,M/Antwerpen op 1994 
(19)}) (6. f4 Qd7 7. Bd3 Ba6 8. Qe2 Bxd3 9. Qxd3 Nc6 10. O-O-O O-O-O 11. a3 Kb7
$13 {Azadmanesh,M-Izoria,Z/EuYouth U14 Boys, Tallinn EST 1997 (17)}) (6. Nf3
Ne7 7. Be2 (7. h4 $5 h5 (7... Ba6 8. Bxa6 Nxa6 9. Qe2 $36) (7... Qd7 8. h5 h6
$14 {()}) 8. Bg5 {/\ Ne2-g3 ><h5, <->f} Qd7 9. Bb5 c6 10. Bd3 Ba6 11. Ne2 c5 $5
(11... Nf5 12. Ng3 $1 $36) 12. dxc5 $6 (12. c3 {>=} Bxd3 13. Qxd3 c4 $5) 12...
bxc5 13. Bxe7 (13. c4 $2 dxc4 {/\ Nd5}) 13... Bxe7 14. c4 dxc4 $1 $13 {van der
Wiel,J-Portisch,L/Tilburg 1988 (43)}) (7. Bb5+ c6 8. Ba4 Ba6 9. Ne2 Bb5 $5 $13)
7... Ba6 8. Bxa6 Nxa6 9. O-O c5 10. Nb5 Nc6 11. c4 $1 dxc4 12. Qa4 $1 $16 {
Wedberg,T-Ornstein,A/Sverige 1981 (30)}) (6. a4 $5 a5 7. Qg4 Ne7 8. Nf3 Qd7 9.
Bb5 c6 10. Be2 Ba6 11. O-O Nf5 $11 {Sieiro Gonzalez,L-Arencibia,W/Sagua la
Grande 1989 (35)}) (6. Bb5+ $5 Bd7 7. Bd3 c5 8. Nf3 Nc6 9. O-O Nge7 10. Bg5 Qb8
11. Nb5 Ng6 12. c4 $1 dxc4 13. Be4 a6 14. d5 $1 $40 {Rechlis,G-Gofshtein,L/
ISR-chT (ASA-Bikurei) 1996 (34)}) 6... Ba6 {Solving the problem of
lightsquared bishop,but paying quiet high price:white gets a big advantage in
development and seizes the initiative.} 7. Nh3 Bxf1 8. Rxf1 Qd7 9. f4 g6 10.
Qe2 Ne7 ({Deserved attention} 10... h5 $5 {not permitting white to transfer g4
and f5 so easily.For example:} 11. O-O-O Nc6 12. Be1 Nge7 13. Ng5 Nf5 14. Bf2
Be7 15. g3 $14) 11. g4 $2 {Too hasty desicion which could cause white a lot of
troubles.} (11. Ng5 $5 $14) 11... Nbc6 $5 (11... h5 12. f5 $6 (12. g5 $5 $11)
12... exf5 13. gxh5 Nbc6 $1 (13... Rxh5 $6 14. Nf4 Rh8 15. e6 fxe6 16. Nxe6 $36
) 14. Nf4 Nxd4 15. Qd3 c5 16. Be3 g5 17. Bxd4 gxf4 18. Bg1 Rxh5 19. O-O-O O-O-O
$17) 12. Be3 h5 $1 $15 13. f5 $6 gxf5 $2 (13... exf5 $1 14. gxh5 Rxh5 15. Nf4
Rh8 16. O-O-O O-O-O $17) 14. gxh5 $14 {After mutual mistakes the game finaly
enters the middlegame and we can make some conclusions.White has a passed pawn
on h file and his minor pieces are better placed and these facts make his
chances preferable.} Bh6 $6 (14... O-O-O $5 15. O-O-O Ng8 16. Bg5 Be7 17. Bxe7
Qxe7 18. Nf4 $14) 15. Bxh6 Rxh6 16. O-O-O O-O-O 17. Rg1 $1 {Taking controle
over the g-file} Kb7 18. Rg7 Rdh8 19. Nf4 R6h7 20. Rg5 $1 {Correct desicion:
black has no space for his pieces that's why there is no reason for any
changes.} Nd8 (20... Na5 21. b3 c5 22. dxc5 bxc5 23. Nb5 Nac6 24. c4 $1 $36)
21. b3 Rf8 22. Rdg1 Nec6 23. Qe3 Qe7 24. Kb2 Qb4 {Trying to create some
counterplay,but white easily defendes.} 25. Nce2 Na5 26. Qd3 $16 Qe7 27. Rg7
Rxg7 (27... Rfh8 28. Ng6 $1 {[%cal Gg7e7]} Nc4+ $8 29. bxc4 $1 (29. Qxc4 Qe8 $1
30. Rxh7 Rxh7 31. Qc3 fxg6 32. hxg6 Rxh2 33. Nf4 $16) 29... Qb4+ 30. Qb3 Qxb3+
31. axb3 fxg6 32. Rxh7 Rxh7 33. hxg6 Rg7 34. cxd5 exd5 35. Nf4 $18) 28. Rxg7
Rh8 29. Qg3 Qb4 30. c3 Qf8 31. Qg5 $1 c5 32. Qf6 Ka6 33. h6 cxd4 (33... Nac6
34. a3 $5 Nb8 35. h7 Nd7 36. Qg5 f6 37. Qg6 $18) 34. Nxd4 Nac6 35. Nc2 Qc5 36.
Nd3 Qf8 37. h7 Ne7 (37... Nb8 38. Qg5 $1 $18) 38. Ndb4+ Kb7 39. Rg8 $1 Rxg8 (
39... Nxg8 40. Qxh8 $18) 40. Qxe7+ Kc8 (40... Qxe7 41. hxg8=Q $18) 41. hxg8=Q
1-0

[Event "RUS-Cup02"]
[Site "Moscow"]
[Date "1998.??.??"]
[Round "8"]
[White "Dolmatov, Sergey"]
[Black "Danielian, Oganes"]
[Result "1-0"]
[WhiteElo "2570"]
[BlackElo "2450"]
[Annotator "Finkel,A"]
[PlyCount "73"]
[EventDate "1998.01.21"]
[EventType "swiss"]
[EventRounds "9"]
[EventCountry "RUS"]
[SourceTitle "CBM 063"]
[Source "ChessBase"]
[SourceDate "1998.03.26"]
[SourceVersion "1"]
[SourceVersionDate "1998.03.26"]
[SourceQuality "1"]

1. e4 e6 2. d4 d5 3. Nc3 Bb4 4. e5 b6 5. a3 Bf8 6. Nf3 Ne7 7. h4 $5 (7. Bb5+ $6
c6 8. Ba4 Ba6 9. Ne2 Bb5 10. Bxb5 (10. Bb3 Bc4 $1) 10... cxb5 11. Qd3 Qd7 12.
Bd2 Nbc6 $132 {Mudelsee,M-Zimmerman,C/BL2-SW 8788 (1988) ;BL2 1988/0-1 (72)})
7... h5 (7... h6 8. h5 (8. Bf4 $5 a5 9. Nb5 Ba6 10. h5 Nc8 11. Bd3 c6 12. Nc3
Bxd3 13. Qxd3 a4 14. g4 $14 {[%csl Rb8,Rc8] Ernst,T-Renman,N/op, Norrkoping
SWE 1996 (54)}) 8... a5 9. Bb5+ c6 10. Ba4 Nd7 11. Ne2 b5 12. Bb3 c5 13. c3 Nc6
14. O-O Qc7 15. Re1 $6 (15. Nh2 $142 Be7 16. f4) 15... c4 16. Bc2 Nb6 $13 {
Kasparov,G-Ivanchuk,V/Horgen 1995 (31)}) (7... Qd7 8. h5 (8. Bb5 $5 c6 9. Ba4
a5 10. h5 h6 11. Ne2 Ba6 12. c3 Qc7 13. O-O $36) 8... h6 9. Bb5 $1 c6 10. Ba4
Ba6 11. Ne2 Bb5 12. Bxb5 cxb5 13. Qd3 $14 {Krakops,M-Repkova,E/Riga op ;EXT
95op 1995/1-0 (55)}) (7... c5 $6 8. h5 $5 h6 9. Ne2 Ba6 10. c3 Nec6 11. b4 Be7
12. Rh3 Qc7 13. Nf4 $14 {Dolmatov,S-Gulko,B/USSR 1985 (35)}) 8. Bg5 (8. Ne2 $6
Ba6 9. Nf4 Bxf1 10. Kxf1 Qc8 11. Kg1 Qa6 12. Ng5 g6 13. Qf3 Nbc6 14. Be3 Nd8 $1
$132 {Van De Oudeweetering Arth-Vogel Jaap/Ch Netherlands selec 1994/0-1 (57)})
8... Qd7 (8... Ba6 9. Bxa6 Nxa6 10. O-O $1 (10. Qd3 Nb8 11. O-O-O Qd7 12. Ne2
Nbc6 {/\ 0-0-0=}) 10... Qd7 11. Qd3 $1 (11. Ne2 $5 Nb8 12. Nf4 (12. Ng3 Nbc6
13. Nh2 g6 14. Bf6 Rg8) 12... Nbc6 13. Nh2 Nf5 14. c3 Be7 $8 (14... g6 $2 15.
g4 $1 $18) 15. Nxh5 Bxg5 16. hxg5 O-O-O $44) 11... Nb8 12. Ne2 Nbc6 13. c4 $5
dxc4 14. Qxc4 Nd5 15. Rac1 $36 {Sokolov,A-Portisch,L/Moskva (GMA) 1990 (34)})
9. Bb5 c6 10. Ba4 (10. Bd3 $6 Ba6 $10) 10... Ba6 11. Ne2 Nf5 $6 {This move is
deprived of any logic.Nessasery was} (11... Bb5 $1 12. Bb3 $5 (12. Bxb5 cxb5
13. Ng3 Qc7 $5 (13... Nbc6 $6 14. c3 $14 {[%csl Re7,Rh5]}) 14. c3 Nd7 15. Nd2
g6 16. Qf3 $14) 12... Bc4 13. Bxc4 dxc4 14. b3 cxb3 15. c4 $1 b2 16. Rb1 Nf5
17. Qb3 $36 {in both cases with playable position.}) 12. c3 $1 {Keeping the
bishops on the board.} Bb5 13. Bc2 Ne7 $6 (13... c5 $5 14. O-O Nc6 15. Re1 Bxe2
16. Qxe2 c4 $6 17. Bxf5 $1 exf5 18. e6 fxe6 19. Qxe6+ Qxe6 20. Rxe6+ Kd7 21.
Rae1 $18 {[%csl Rd5,Rf5,Rg7][%cal Ge6g6,Gf3e5,Ge1e6]}) 14. a4 Ba6 15. b4 $16
Qc8 (15... c5 16. O-O Qc7 17. Re1 $16) 16. O-O Nd7 17. Re1 g6 18. Nf4 Bg7 19.
Qb1 $1 {[%csl Rg6][%cal Gb4b5]} Rg8 (19... Bb7 20. Bxg6 $1 fxg6 21. Bxe7 $1 (
21. Nxg6 Nf5 $1 22. Nxh8 Bxh8 23. Nh2 Kf7 24. Qd1 Kg6 $14) 21... Kxe7 22. Nxg6+
(22. Qxg6 Qg8 $13) 22... Kd8 23. Nxh8 Bxh8 24. Ng5 $18) 20. b5 Bb7 21. Bd3 a6
22. Qb2 Bf8 23. Nd2 $1 {Despite of the fact that there is a material balance
on the board and not a single pawn has been changed black's position is
hopeless:all his pieces occupy 7th and 8th ranks and there is no way to
improve the position.} c5 $5 {Prefering to fall in the battle and not to wait
for inevitable finish!} 24. bxa6 Bxa6 25. Bxa6 Qxa6 26. c4 $1 dxc4 27. Ne4 $1 {
[%csl Rd6,Rf6][%cal Gd4d5]} Nf5 28. d5 Nd4 (28... Bg7 29. dxe6 fxe6 30. Nxe6
Bxe5 31. Nf6+ $1 $18) 29. Qc3 $5 {[%csl Re6][%cal Gc3h3]} Be7 (29... Qa5 30.
Qh3 $1 Nc2 31. dxe6 $18) 30. dxe6 fxe6 31. Nd6+ $18 Bxd6 (31... Kd8 32. Qxd4 $1
Bxg5 (32... cxd4 33. Nxe6#) 33. Nxe6+ Ke7 34. Nc8+ $1 $18) (31... Kf8 32. Bh6+
$18) 32. exd6 e5 33. Nd5 Kf8 34. Nc7 Qa5 35. Bh6+ Kf7 36. Qxc4+ Kf6 37. Nd5+
1-0

[Event "Sao Paulo zt 2.4"]
[Site "Sao Paulo"]
[Date "2003.09.21"]
[Round "3"]
[White "Leitao, Rafael Duailibe"]
[Black "Granda Zuniga, Julio E"]
[Result "1-0"]
[WhiteElo "2550"]
[BlackElo "2641"]
[Annotator "Finkel,A"]
[PlyCount "79"]
[EventDate "2003.09.19"]
[EventType "tourn"]
[EventRounds "9"]
[EventCountry "BRA"]
[EventCategory "9"]
[SourceTitle "CBM 098"]
[Source "ChessBase"]
[SourceDate "2004.02.03"]
[SourceVersion "1"]
[SourceVersionDate "2004.02.03"]
[SourceQuality "1"]

1. e4 e6 2. d4 d5 3. Nc3 Bb4 4. e5 Ne7 5. a3 Bxc3+ 6. bxc3 b6 7. Qg4 Ng6 8. h4
h5 9. Qg3 Ba6 10. Bxa6 Nxa6 11. Ne2 Qd7 (11... Nb8 12. Bg5 (12. f4 Qd7 13. O-O
Nc6 14. f5 exf5 15. Qg5 Qe7 16. Rxf5 Qxg5 17. Bxg5 Nge7 18. Rf3 O-O 19. Raf1
$14 {Bluvshtein,M-Vaingorten,Y/Toronto 2000}) 12... Qd7 13. Qf3 Qa4 14. Ng3
Qxc2 15. Rc1 Qb2 16. Nxh5 Kf8 17. Rh3 Nd7 18. Rd1 c5 19. Nxg7 Kxg7 20. h5 $13 {
Bogdanovic,R-Matulovic,M/Sombor 1957}) (11... c5 12. Nf4 Nxf4 13. Bxf4 Kf8 14.
Bg5 Qd7 15. O-O Rc8 16. f4 Nb8 17. Rad1 $16 {Fischer,R-Hoppe,R/Davis 1964}) 12.
Nf4 {Black knight on g6 is very important defender, so trading it makes a lot
of sense.} (12. a4 c5 (12... O-O-O 13. Qd3 (13. Bg5 Rdf8 14. Qd3 Nb8 15. a5 b5
16. a6 c6 17. O-O Qe8 18. c4 $36 {Kos,T-Sher,M/Ljubljana 1997}) 13... Nb8 14.
a5 b5 15. a6 c6 16. Ba3 (16. g3 Qe8 17. Ra5 Nd7 18. Ba3 Nb6 19. Bc5 Nc4 20. Ra2
Kb8 21. Nc1 f6 22. f4 Ne7 $13 {Bills,W-Formanek,E/Aspen 1968}) 16... Nxa6 17.
Bd6 Nb8 18. Nc1 Qb7 19. Nb3 Nd7 20. Ra2 $16 {1-0 Bjork,C-Formanek,E/London
1979 (27)}) 13. O-O Rc8 14. Nf4 Nxf4 15. Bxf4 Kf8 16. Qd3 Nb8 17. a5 b5 18. Bc1
cxd4 19. Ba3+ Kg8 20. cxd4 $14 {Dominguez,L-Medina,J/Matanzas 1998}) (12. Bg5
Qa4 (12... c5 13. O-O Rc8 (13... Nb8 14. f4 Nc6 15. f5 exf5 16. Qf3 Rc8 17.
Rae1 cxd4 18. cxd4 Nd8 $15 {Hvorostinin,G-Moskalenko,V/Yalta 1996}) 14. f4 cxd4
15. f5 exf5 16. Nxd4 Nc5 17. Nxf5 O-O 18. Qf3 $40 {Wesely,H-Sieber,H/DDR-ch
M768 corr 1984}) 13. Qd3 c5 14. O-O Ne7 15. Bxe7 Kxe7 16. Rac1 Nb8 17. Qg3 g6
18. Rfd1 Nc6 19. Qf3 Rhf8 $13 {De Bie,H-Witt,R/Holland 1996}) 12... Nxf4 13.
Bxf4 Rg8 {This is a new move, but it doesn't seem to change the evaluation of
the position as quite dangerous for black.} (13... Kf8 14. a4 Nb8 15. Qf3 (15.
Bc1 Nc6 16. Rh3 Rc8 17. Qg5 Ne7 18. a5 Kg8 19. axb6 cxb6 20. g4 g6 21. Ba3 hxg4
22. Qxg4 Rh5 23. Bc1 Nf5 $15 {De Firmian,N-Rohde,M/San Francisco 1987}) 15...
Nc6 16. Bg5 Ne7 17. Qd3 Rc8 18. O-O c5 19. a5 b5 20. a6 $16 {Velikhanli,
F-Moskalenko,V/Halkida 1996}) 14. Qg5 Qa4 (14... g6 {[%csl Rf6,Rh6]} 15. a4 (
15. g4 $6 hxg4 16. h5 Qa4 17. Kd2 c5 18. h6 cxd4 19. h7 dxc3+ 20. Kc1 Rh8 21.
Qf6 Nb4 $1 $19) 15... c5 16. O-O Rc8 17. a5 $14) 15. Qxh5 Qxc2 16. O-O Qxc3 {
Black understands that his position is very dangerous and decides to takes a
pawn not to sffer for free.} (16... Qf5 17. Bg5 (17. Qxf5 exf5 18. Rac1 c6 19.
c4 Nc7 $13) 17... Nb8 18. Rae1 Nc6 19. Re3 Ne7 20. Qd1 $36) 17. Be3 Qc6 $2 {
Very unfortunate decision after which white's initiative becomes too strong
too handle. The only chance to put up some resistance was by bringing the
queen to the kingside.} (17... Qd3 $1) 18. Rac1 Qd7 19. Bg5 Qa4 {[%cal Ge8d7]}
(19... c5 20. Qh7 Kf8 21. Rc3 c4 22. Rg3 $16 {[%csl Rg7]}) 20. Rfd1 {[%cal
Gd1d3,Gd3f3] White's plan is very simple and efficient.} (20. Qh7 $6 Kd7) 20...
c5 21. Rd3 $16 Rc8 22. Rf3 Rf8 (22... Rc7 23. Qh7 Kf8 24. h5 Qxd4 25. h6 Qxe5
26. Bf4 Qe4 27. Bd6+ $18) 23. Qh7 Qxd4 (23... Nb8 24. Qxg7 Nd7 25. Rd3 $1 $16 {
[%cal Gh4h8]}) 24. Qxg7 Nc7 {[%csl Re6]} (24... Nb8 25. Rxf7 $1 Rxf7 26. Qg8+
Rf8 27. Qxe6#) 25. h5 Kd7 26. h6 Kc6 27. h7 $18 Qb2 (27... Qe4 28. Rh3 Rh8 29.
Bf6 Qf4 30. Rf1 $18) 28. Rh3 Rh8 29. Rf1 c4 30. Bf6 c3 31. Qg5 d4 32. Bxh8 Rxh8
33. Qf6 c2 34. Qxh8 c1=Q 35. Qf6 Nd5 (35... Qxf1+ 36. Kxf1 Qb1+ 37. Ke2 Qc2+
38. Kf3 Qd3+ 39. Kg4 Qe4+ 40. Kg5 $18) 36. h8=Q Qxf1+ 37. Kxf1 Qb1+ 38. Ke2 d3+
39. Rxd3 Qc2+ 40. Ke1 1-0